| 000 | 01040nam0a2200277 4500 | ||
|---|---|---|---|
| 001 | RU\NLR\b_ik\113738 | ||
| 005 | 20250616225355.0 | ||
| 035 | _a(NLR Aleph) 002187408 | ||
| 090 |
_a2865462 _c2865462 |
||
| 100 | _a20040621d2003 |||y0rusy50 ca | ||
| 101 | 0 | _aeng | |
| 102 | _aRU | ||
| 105 | _ay ||||||||| | ||
| 200 | 1 |
_aSets of lower semicontinuity and stability of integral functionals _fM.A. Sychev |
|
| 210 |
_aНовосибирск _cИн-т математики СО РАН _dcop. 2003 |
||
| 215 |
_a39 с. _d28 |
||
| 225 | 1 |
_aПрепринт _fРос. акад. наук. Сиб. отд-ние, Ин-т математики им. С.Л. Соболева _v120 |
|
| 320 | _aБиблиогр.: с. 33-39 | ||
| 606 | 0 |
_aФункции целые _91994863 _3RU\NLR\AUTH\66916232 |
|
| 686 | 4 | _aВ161.519.9 | |
| 700 | 1 |
_aSyčev _bM. A. _gMichail Andreevič _4070 |
|
| 801 | 0 |
_aRU _bNLR _c20040621 _gPSBO |
|
| 830 | _aУстойчивость целых функций | ||
| 942 | _cBOOK | ||
| 980 | _aNB | ||